| 000 | 01145nam0a22002771 4500 | ||
|---|---|---|---|
| 001 | rc\2213720 | ||
| 005 | 20260407110105.0 | ||
| 035 | _a(NLR Aleph) 006620580 | ||
| 090 |
_a7444860 _c7444860 |
||
| 100 | _a20110829d1978 |||y0rusy50 ca | ||
| 101 | 0 | _arus | |
| 102 | _aRU | ||
| 105 | _ay z ||||| | ||
| 200 | 1 |
_aПроблемы интенсификации производства (критический анализ опыта США) _eНауч. тр. _fПод ред. д. э. н. Г.И. Кархина и к. э. н. Г.А. Шпилько _gН.-и. экон. ин-т при Госплане СССР |
|
| 210 |
_aМосква _cБ. и. _d1978 |
||
| 215 |
_a191 с. _cграф. _d20 |
||
| 702 | 1 |
_aШпилько _bГ.А. _4340 |
|
| 702 | 1 |
_aКархин _bГ.И. _gГеоргий Иванович _4340 |
|
| 712 | 0 | 2 |
_aНаучно-исследовательский экономический институт _cМосква _3RU\NLR\AUTH\889937847 _9370505 |
| 801 | 0 |
_aRU _bNLR _gpsbo |
|
| 801 | 1 |
_aRU _bELAR _2rusmarc |
|
| 852 |
_aNLR _j78-3/6526 |
||
| 899 |
_aRuMoRGB _jБ 78-4/531 |
||
| 899 |
_aRuMoRGB _jБ 78-4/532 |
||
| 942 | _cBOOK | ||
| 980 | _aNB | ||